[Event "Eastern Asia-ch U12"]
[Site "Tornelo INT"]
[Date "2021.10.29"]
[Round "1"]
[White "Movahed, Sina"]
[Black "Hansana, G Haritha"]
[Result "1-0"]
[WhiteElo "2022"]
[BlackElo "1110"]
[PlyCount "133"]
[EventDate "2021.10.29"]
[EventType "swiss"]
[EventRounds "9"]
[EventCountry "NET"]
[SourceTitle "EXT 2023"]
[Source "ChessBase"]
[SourceDate "2022.10.05"]
[SourceVersion "1"]
[SourceVersionDate "2022.10.05"]
[SourceQuality "1"]

1. e4 e5 2. Nf3 Nc6 3. Bc4 Nf6 4. Ng5 d5 5. exd5 Na5 6. Bb5+ c6 7. dxc6 bxc6 8. Bd3 h6 9. Ne4 Nxe4 10. Bxe4 Qh4 11. Qf3 Bd7 12. 0-0 Bd6 13. Bf5 Bxf5 14. Qxf5 0-0 15. g3 Qe7 16. Nc3 g6 17. Qh3 h5 18. d3 f5 19. Bh6 Rfb8 20. b3 Kh7 21. Bd2 Bb4 22. Rae1 Re8 23. Nb1 Bxd2 24. Nxd2 Qc5 25. Nf3 e4 26. Ng5+ Kh6 27. Qh4 Qe7 28. Nh3 g5 29. Nxg5 Qxg5 30. Qh3 Qg4 31. Qg2 exd3 32. cxd3 Qb4 33. Re3 Qd2 34. Rf3 f4 35. g4 Re1 36. g5+ Kg6 37. h4 Rae8 38. Qh2 Qe2 39. Rxe1 Qxe1+ 40. Kg2 Qe5 41. Qxf4 Qxf4 42. Rxf4 Rd8 43. b4 Nb7 44. Rf6+ Kg7 45. Rxc6 Rd7 46. Rh6 Rxd3 47. Ra6 Kg8 48. Rxa7 Nd6 49. Rd7 Rd4 50. Kf3 Nb5 51. Rxd4 Nxd4+ 52. Ke4 Ne6 53. f4 Kf8 54. f5 Ng7 55. a4 Ne8 56. Ke5 Ke7 57. b5 Nc7 58. g6 Kf8 59. b6 Na6 60. f6 Ke8 61. b7 Kf8 62. f7 Ke7 63. a5 Nb8 64. Kf5 Kf8 65. a6 Nxa6 66. Kf6 Nc7 67. g7# 1-0

[Event "Wch FIDE Online U10 Asia qual"]
[Site "Tornelo INT"]
[Date "2020.12.12"]
[Round "3"]
[White "Hansana, G Haritha"]
[Black "Rosh, Jain"]
[Result "0-1"]
[WhiteElo "1269"]
[BlackElo "1811"]
[PlyCount "106"]
[EventDate "2020.12.11"]
[EventType "swiss (rapid)"]
[EventRounds "7"]
[EventCountry "ISS"]
[SourceTitle "EXT 2022"]
[Source "ChessBase"]
[SourceDate "2021.10.06"]
[SourceVersion "1"]
[SourceVersionDate "2021.10.06"]
[SourceQuality "1"]

1. e4 e6 2. d4 d5 3. exd5 exd5 4. Nf3 Bd6 5. Bd3 Ne7 6. 0-0 Nbc6 7. Nc3 Be6 8. Be3 Qd7 9. h3 f6 10. Qd2 0-0-0 11. Nb5 Kb8 12. Nxd6 Qxd6 13. Bf4 Qd7 14. Rfe1 Bf5 15. Bxf5 Nxf5 16. c3 g5 17. Bh2 h5 18. Qe2 g4 19. Nd2 Rdg8 20. Qe6 Qh7 21. h4 Nxh4 22. Qxf6 Nf5 23. g3 Rf8 24. Qg5 Rhg8 25. Qf4 Nfxd4 26. Qe3 Nc2 27. Qe2 Nxa1 28. Rxa1 d4 29. cxd4 Nxd4 30. Qc4 Nf3+ 31. Nxf3 gxf3 32. Rc1 h4 33. Rc2 hxg3 34. fxg3 f2+ 35. Rxf2 Rxf2 36. Kxf2 Qxh2+ 37. Ke1 Re8+ 38. Kd1 Rd8+ 39. Ke1 Qd2+ 40. Kf1 Rf8+ 41. Kg1 Qf2+ 42. Kh1 Rh8+ 43. Qh4 Rxh4+ 44. gxh4 Qxh4+ 45. Kg2 Qf4 46. Kh3 Qg5 47. b4 Kc8 48. b5 Kd7 49. a4 Ke6 50. a5 Ke5 51. b6 Kf4 52. Kh2 Kf3 53. Kh1 Qg2# 0-1

[Event "Ambalangoda Dhamso op 8th"]
[Site "Ambalangoda"]
[Date "2018.04.21"]
[Round "5"]
[White "Hansana, G Haritha"]
[Black "Madushanka, Harsha"]
[Result "0-1"]
[WhiteElo "1042"]
[BlackElo "1777"]
[PlyCount "74"]
[EventDate "2018.04.19"]
[EventType "swiss"]
[EventRounds "9"]
[EventCountry "SRI"]
[SourceTitle "CBM 184 Extra"]
[Source "ChessBase"]
[SourceDate "2018.06.28"]
[SourceVersion "1"]
[SourceVersionDate "2018.06.28"]
[SourceQuality "1"]

1. e4 e5 2. Nf3 Nc6 3. d4 exd4 4. Nxd4 Bc5 5. Nxc6 Qf6 6. Qf3 dxc6 7. Bd3 Be6 8. Nc3 0-0-0 9. Bf4 Bd6 10. Bxd6 Qxf3 11. gxf3 cxd6 12. f4 f6 13. f5 Bf7 14. 0-0-0 Ne7 15. Rdg1 g6 16. Rg3 Rdg8 17. Rhg1 Kd7 18. Rh3 h5 19. Ne2 gxf5 20. Rxg8 Rxg8 21. exf5 d5 22. Ng3 Rh8 23. Rh4 Kd6 24. f4 c5 25. Be2 Be8 26. b3 b5 27. c4 bxc4 28. bxc4 Nc6 29. cxd5 Kxd5 30. Bf3+ Kd4 31. Bxc6 Bxc6 32. Kd2 Re8 33. Kc2 Ba4+ 34. Kc1 c4 35. Rh3 Re7 36. Ne4 Rxe4 37. Kd2 Bb5 0-1